Let’s read!

Guardat en:
Dades bibliogràfiques
Autor principal:  Stull, Elizabeth Crosby
Format: Sách
Idioma:Undetermined
Publicat:  Jossey-bass  2000
Matèries:
Etiquetes: Afegir etiqueta
Sense etiquetes, Sigues el primer a etiquetar aquest registre!
Thư viện lưu trữ: Trung tâm Thư viện - Trường Đại học Công nghiệp TP. Hồ Chí Minh
LEADER 00477nam a2200157Ia 4500
001 UIH_04574
008 231011s9999 xx 000 0 und d
082 |a  372.4 
100 |a  Stull, Elizabeth Crosby 
245 0 |a  Let’s read! 
245 0 |c  Stull, Elizabeth Crosby 
260 |b  Jossey-bass 
260 |c  2000 
650 |a  Giáo dục tiểu học;  
927 |a Sách 
980 |a Trung tâm Thư viện - Trường Đại học Công nghiệp TP. Hồ Chí Minh